|
|
|
|
| LEADER |
00000cac a2200000 i 4500 |
| 003 |
Ucuenca |
| 005 |
20230308205906.0 |
| 006 |
a||||gr|||| 001 0 |
| 007 |
ta |
| 008 |
000000t1968 mx ||||gr|||||||||||spa a |
| 040 |
|
|
|b spa
|a UCuenca-cdrjbv
|c UCuenca
|e rda
|
| 041 |
0 |
|
|a spa
|h rus
|
| 082 |
0 |
|
|2 21
|a 170
|c 116213
|
| 245 |
|
|
|a Lógica /
|c Dirección de D. P. Gorski y Augusto Vidal Roget, traducción de Augusto Vidal Roget.
|
| 250 |
|
|
|a Segunda edición.
|
| 264 |
|
1 |
|a México:
|b Grijalbo,
|c 1968.
|
| 264 |
|
4 |
|c ©1968
|
| 300 |
|
|
|a 316 páginas:
|c 21 cm
|
| 336 |
|
|
|2 rdacontent
|a texto
|b txt
|
| 337 |
|
|
|2 rdamedia
|a no mediado
|b n
|
| 338 |
|
|
|2 rdacarrier
|a volumen
|b nc
|
| 490 |
0 |
|
|a Enciclopedia de filosofía. Segunda serie,
|n
|v tomo 10
|
| 504 |
|
|
|a ii
|
| 505 |
1 |
|
|a Objeto y significado de la lógica -- El concepto -- Operaciones lógicas a base de conceptos -- El juicio -- Clasificación de los juicios simples -- Clasificación de los juicios compuestos -- El razonamiento -- El silogismo -- Razonamientos disyuntivos y condicionales razonamiento de la relación -- Razonamientos inductivos -- Métodos para establecer la relación causal de los fenómenos -- La analogía -- La hipótesis -- La demostración -- Errores de la demostración -- Las leyes fundamentales de la lógica.
|
| 650 |
1 |
7 |
|a Lógica
|9 241
|2 UCuenca-cdrjbv
|
| 651 |
|
|
|2 UCuenca-cdrjbv
|
| 700 |
1 |
|
|a Gorski, D. P.
|e director
|9 185263
|
| 700 |
1 |
|
|a Tavants, P. V.
|e director
|9 234921
|
| 700 |
1 |
|
|a Vidal Roget, Augusto.
|e traductor
|9 247345
|d 1909-1976
|
| 852 |
|
|
|a UC-CDJBV
|c puno
|f Compra
|l 1
|m General
|p 00000000
|q 130,00
|t 42254-10
|b 0
|d CDRC
|e CDRC
|g 170
|z 0000-00-00
|
| 942 |
|
|
|c CR
|z diana.fajardo@ucuenca.edu.ec
|2 ddc
|r paola.amaya@ucuenca.edu.ec
|
| 999 |
|
|
|c 113212
|d 113212
|